|
|
|
|
| LEADER |
01175nam a2200289 a 4500 |
| 001 |
865570 |
| 008 |
100412s1980 nyu 001 0 eng D |
| 010 |
|
|
|a \\\79028375
|
| 020 |
|
|
|a 0379111284 :
|c $4.95
|
| 040 |
|
|
|a DLC
|c DLC
|d DLC
|d BD-DhAAL
|
| 082 |
0 |
0 |
|a 346.7301/8
|2 19
|
| 100 |
1 |
|
|a Mackay, Richard Vance,
|d 1909-
|
| 245 |
1 |
4 |
|a The law of guardianships /
|c by Richard V. Mackay ; Irving J. Sloan, general editor.
|
| 250 |
|
|
|a 3d ed.
|
| 260 |
|
|
|a Dobbs Ferry, N.Y. :
|b Oceana Publications,
|c 1980.
|
| 300 |
|
|
|a vi, 119 p. ;
|c 19 cm.
|
| 490 |
0 |
|
|a Legal almanac series ; no. 6
|
| 500 |
|
|
|a "Revised by the Oceana editorial staff."
|
| 500 |
|
|
|a Second ed. published in 1957 under title: Guardianship and the protection of infants.
|
| 504 |
|
|
|a Includes index.
|
| 541 |
1 |
|
|e 00004899
|
| 650 |
|
0 |
|a Guardian and ward
|z United States.
|
| 700 |
1 |
|
|a Sloan, Irving J.
|
| 710 |
2 |
|
|a Oceana Publications, inc.
|
| 852 |
4 |
|
|a Ayesha Abed Library
|j General Shelf
|
| 999 |
|
|
|c 8063
|d 8063
|
| 952 |
|
|
|0 0
|1 0
|2 ddc
|4 0
|6 346_730180000000000_MAC_1980
|7 0
|9 9171
|a BRACUL
|b BRACUL
|c GEN
|d 2010-04-12
|g 0.00
|l 1
|m 6
|o 346.73018 MAC
|p 3010004899
|r 2017-03-13
|s 2017-02-06
|t 1
|w 2010-04-12
|y BK
|z Not price in Register
|